Marketing's domain

Bibliographic Details
Corporate Author: ProQuest (Firm)
Other Authors: Baker, Michael J.
Format: Electronic eBook
Language:English
Published: Bradford, England : Emerald Group Publishing, c2002.
Series:European journal of marketing ; .36, no. 3
Subjects:
Online Access:Click to View
LEADER 01155nam a2200325Ia 4500
001 EBC232232
003 MiAaPQ
005 20200520144314.0
006 m o d |
007 cr cn|||||||||
008 000815s2002 enk s 000 0 eng d
020 |z 0861766679 
035 |a (MiAaPQ)EBC232232 
035 |a (Au-PeEL)EBL232232 
035 |a (CaPaEBR)ebr10052720 
035 |a (CaONFJC)MIL47874 
035 |a (OCoLC)133168131 
040 |a MiAaPQ  |c MiAaPQ  |d MiAaPQ 
050 4 |a HF5415  |b .M37 2002 
245 0 0 |a Marketing's domain  |h [electronic resource] /  |c guest editor, Michael J. Baker. 
260 |a Bradford, England :  |b Emerald Group Publishing,  |c c2002. 
300 |a 123 p. 
490 0 |a European journal of marketing ;  |v .36, no. 3 
533 |a Electronic reproduction. Ann Arbor, MI : ProQuest, 2015. Available via World Wide Web. Access may be limited to ProQuest affiliated libraries. 
650 0 |a Marketing research. 
650 0 |a Marketing. 
655 4 |a Electronic books. 
700 1 |a Baker, Michael J. 
710 2 |a ProQuest (Firm) 
856 4 0 |u https://ebookcentral.proquest.com/lib/matrademy/detail.action?docID=232232  |z Click to View